Faculty of Law Library — Cairo University

Official Online Catalog

World peace through world law; (Record no. 58639)

MARC details
000 -LEADER
fixed length control field 01011cam a2200313 i 4500
003 - CONTROL NUMBER IDENTIFIER
control field EG-GICUC
005 - DATE AND TIME OF LATEST TRANSACTION
control field 20260122120041.0
008 - FIXED-LENGTH DATA ELEMENTS--GENERAL INFORMATION
fixed length control field 711012s1966 mau fr 000 0 eng d
040 ## - CATALOGING SOURCE
Original cataloging agency DLC
Transcribing agency DLC
Modifying agency DLC
-- EG-GICUC
Language of cataloging eng
Description conventions rda
050 00 - LIBRARY OF CONGRESS CALL NUMBER
Classification number JX1977
Item number .C554 1966
082 04 - DEWEY DECIMAL CLASSIFICATION NUMBER
Edition number 21
Classification number 341.23
092 04 - LOCALLY ASSIGNED DEWEY CALL NUMBER (OCLC)
Edition number 21
099 ## - LOCAL FREE-TEXT CALL NUMBER (OCLC)
Classification number Law 11 1966
100 1# - MAIN ENTRY--PERSONAL NAME
Personal name Clark, Grenville,
Dates associated with a name 1882-
245 10 - TITLE STATEMENT
Title World peace through world law;
Remainder of title two alternative plans,
Statement of responsibility, etc. by Grenville Clark and Louis B. Sohn.
250 ## - EDITION STATEMENT
Edition statement 3rd edition enlarged.
264 ## - PRODUCTION, PUBLICATION, DISTRIBUTION, MANUFACTURE, AND COPYRIGHT NOTICE
Place of production, publication, distribution, manufacture Cambridge,
Name of producer, publisher, distributor, manufacturer Harvard University Press,
Date of production, publication, distribution, manufacture, or copyright notice 1966.
300 ## - PHYSICAL DESCRIPTION
Extent liv, 535 pages ;
Dimensions 26 cm.
336 ## - CONTENT TYPE
Content type term text
Source rdacontent
337 ## - MEDIA TYPE
Media type term Computer
Source rdamedia
338 ## - CARRIER TYPE
Carrier type term Online Resource
Source rdacarrier
500 ## - GENERAL NOTE
General note Includes index.
610 20 - SUBJECT ADDED ENTRY--CORPORATE NAME
Corporate name or jurisdiction name as entry element United Nations.
Title of a work Charter
General subdivision Amendments.
650 10 - SUBJECT ADDED ENTRY--TOPICAL TERM
Topical term or geographic name entry element International law.
700 1# - ADDED ENTRY--PERSONAL NAME
Personal name Sohn, Louis B.,
Relator term joint author.
856 40 - ELECTRONIC LOCATION AND ACCESS
Uniform Resource Identifier <a href="https://fll.law.cu.edu.eg/fulltext/bks/ENGB11-00093.pdf">https://fll.law.cu.edu.eg/fulltext/bks/ENGB11-00093.pdf</a>
905 ## - Cataloger and Reviser Names
Cataloger Name: Hend El khosy
942 ## - ADDED ENTRY ELEMENTS (KOHA)
Source of classification or shelving scheme Dewey Decimal Classification
Koha item type Books
Edition 21
Suppress in OPAC No
Holdings
Withdrawn status Lost status Source of classification or shelving scheme Damaged status Not for loan Collection Home library Current library Date acquired Total checkouts Full call number Barcode Date last seen Copy number Price effective from Koha item type Public note
    Dewey Decimal Classification     القانون الدولي العام جــــامعة القــاهرة مكتبة كلية الحقوق - فـرع الشيخ زايد 22.01.2026   Law2 11 341.23 CL . W 3 ed - 1966 1100093 C1 ENGB11-00093 22.01.2026 1 22.01.2026 Books 1932

© All rights reserved — Faculty of Law, Cairo University